<?xml version="1.0" encoding="UTF-8"?>
<collection xmlns="http://www.loc.gov/MARC21/slim">
  <record>
    <leader>00000nam  2200000   4500</leader>
    <controlfield tag="001">INLIS000000000810196</controlfield>
    <controlfield tag="005">20251109111017</controlfield>
    <datafield tag="035" ind1="#" ind2="#">
      <subfield code="a">0010-1125000050</subfield>
    </datafield>
    <datafield tag="245" ind1="#" ind2="#">
      <subfield code="a">Terjemah Riyadhus Shalihin :</subfield>
      <subfield code="b">Juz 1 /</subfield>
      <subfield code="c">Imam An-Nawawi</subfield>
    </datafield>
    <datafield tag="300" ind1="#" ind2="#">
      <subfield code="a">632 hlm ;</subfield>
      <subfield code="c">14,5 x 20,5</subfield>
    </datafield>
    <datafield tag="700" ind1=" " ind2="#">
      <subfield code="a">Zaid Husein Al Hamid</subfield>
    </datafield>
    <datafield tag="260" ind1="#" ind2="#">
      <subfield code="a">Surabaya : :</subfield>
      <subfield code="b">Mutiara ilmu regency,</subfield>
      <subfield code="c">2007</subfield>
    </datafield>
    <datafield tag="082" ind1="#" ind2="#">
      <subfield code="a">297.124</subfield>
    </datafield>
    <datafield tag="084" ind1="#" ind2="#">
      <subfield code="a">297.124 NAW t</subfield>
    </datafield>
  </record>
</collection>
